000 01729nam2a22002531 4500
001 rc\3422760
005 20250609233432.0
021 _aRU
_bРг1983-73
021 _aRU
_b72-ОЭ-4525/1
035 _a(NLR Aleph) 007558359
090 _a5275338
_c5275338
100 _a20130115d1972 |||y0rusy50 ca
101 0 _arus
102 _aRU
105 _aa z |||||
200 1 _aРазработка планов расположения технологического и транспортного оборудования промышленных предприятий на стадии "Технический проект"
210 _d1972
_aБ. м.
215 _a20, [19] с.
_cил.
461 0 _1001rc\3422759
_12001#$aМетодические указания по применению темплетного метода проектирования в ГПИ-3$eВып. 1-$fМ-во легкой пром-сти СССР. Гос. ин-т по проектированию предприятий трикотажной, швейной и фарфорофаянсовой пром-сти ГПИ-3$vВып. 1
_95275333
_a"Гипролегпром", ин-т (ленинград)
_cЛенинград
_d1972
_fМ-во легкой пром-сти СССР. Гос. ин-т по проектированию предприятий трикотажной, швейной и фарфорофаянсовой пром-сти ГПИ-3
_nБ. и.
_oВып. 1-
_tМетодические указания по применению темплетного метода проектирования в ГПИ-3
_vВып. 1
801 0 _aRU
_bNLR
_gpsbo
801 1 _aRU
_bELAR
_2rusmarc
852 _aNLR
_j72-4/34430
942 _cBOOK
980 _aNB